The Land that never was. (Record no. 13330)
[ view plain ]
| 000 -LEADER | |
|---|---|
| fixed length control field | 00632nam a22002172 4500 |
| 001 - CONTROL NUMBER | |
| control field | 0000011686 |
| 005 - DATE AND TIME OF LATEST TRANSACTION | |
| control field | 20151217155845.0 |
| 008 - FIXED-LENGTH DATA ELEMENTS--GENERAL INFORMATION | |
| fixed length control field | 081222s xx 000 0 eng d |
| 040 ## - CATALOGING SOURCE | |
| Original cataloging agency | KABU |
| Transcribing agency | KABU |
| 100 1# - MAIN ENTRY--PERSONAL NAME | |
| Personal name | Simpson, Alyse. |
| -- | 0000167655 |
| 245 14 - TITLE STATEMENT | |
| Title | The Land that never was. |
| 246 3# - VARYING FORM OF TITLE | |
| Title proper/short title | Alyse Simpson |
| 250 ## - EDITION STATEMENT | |
| Edition statement | 1st ed. |
| 260 ## - PUBLICATION, DISTRIBUTION, ETC. (IMPRINT) | |
| Place of publication, distribution, etc. | London : |
| Name of publisher, distributor, etc. | Sewyn & Blount, |
| Date of publication, distribution, etc. | 1937. |
| 300 ## - PHYSICAL DESCRIPTION | |
| Extent | 271 p. |
| 600 10 - SUBJECT ADDED ENTRY--PERSONAL NAME | |
| Personal name | Simpson, Alyse. |
| -- | 0000167655 |
| 651 #0 - SUBJECT ADDED ENTRY--GEOGRAPHIC NAME | |
| Geographic name | Kenya |
| General subdivision | Social life and customs |
| Chronological subdivision | 1895-1963. |
| -- | 0000167656 |
| 852 1# - LOCATION | |
| -- | p500 KES |
| 908 ## - PUT COMMAND PARAMETER (RLIN) | |
| Put command parameter | 081222 |
| 950 ## - LOCAL HOLDINGS (RLIN) | |
| -- | 1 |
| Withdrawn status | Lost status | Source of classification or shelving scheme | Not for loan | Home library | Current library | Date acquired | Total Checkouts | Full call number | Barcode | Date last seen | Price effective from | Koha item type |
|---|---|---|---|---|---|---|---|---|---|---|---|---|
| Library of Congress Classification | Kabarak, Main Campus | Kabarak, Main Campus | 17/12/2015 | DT433.576 .S55A34 c. 1 | 15774 | 17/12/2015 | 17/12/2015 | Africana Collection |